Banícka - geologická ročenka ...

Bibliographic Details
Other Authors: Lutonský, Martin (Compiler), Pástor, Ján, 1909-1981 (Compiler), Beránek, Mikuláš, 1933- (Compiler)
Format: Serial
Language:Slovak
PhysicalDescription:1 zv. 30 cm
Published: Banská Bystrica Trian [2000-2001]
ISBN:8088945461
Subjects:

MARC

LEADER 00000cas a2200000 a 4500
001 vtls001439322
003 SK-MaSNL
005 20260425194054.0
008 160415d20002001xo ar r 0 0b0slo
015 |a SNBE2002/04-01842 
020 |a 8088945461 
035 |a SNK000394470 
040 |a SNK  |b slo  |c SNK  |e AACR2 
041 0 |a slo 
044 |a xo  |c SK 
072 7 |a 622  |x Baníctvo  |2 konspekt 
080 |a 622  |2 2011 
080 |a 55  |2 2011 
080 |a 050  |2 2011 
080 |a (058)  |2 2011 
245 0 0 |a Banícka - geologická ročenka ... 
246 1 0 |a Mining and geology yearbook ... 
246 1 1 |a Mining and geology yearbook 
260 |a Banská Bystrica  |b Trian  |c [2000-2001] 
300 |a 1 zv.  |c 30 cm 
310 |a 1x ročne 
362 0 |a [2000-2001] 
500 |a Zostavil: Mikuláš Beránek ; spolupracovali: Martin Lutonský, Ján Pastor 
500 |a Súčasťou názvu je rok 
500 |a Vydali: Slovenská banícka spoločnosť, Zväz hutníctva, ťažobného priemyslu a geológie SR, Hlavný banský úrad a Slovenská spoločnosť pre trhacie a vŕtacie práce 
546 |a Súbežný názov a text angl. 
650 0 7 |a baníctvo  |2 SNKPH  |9 3571 
650 0 7 |a geológia  |2 SNKPH  |9 167377 
651 7 |a Slovensko  |2 SNK  |9 14231 
655 7 |a ročenky  |2 SNK  |9 57146 
700 1 |a Lutonský, Martin  |4 com  |9 267099 
700 1 |a Pástor, Ján,  |d 1909-1981  |4 com  |9 159937 
700 1 |a Beránek, Mikuláš,  |d 1933-  |4 com  |9 1634864 
910 |a snk 
919 |a 80-88945-46-1 
958 |a TL 
999 |c 3304  |d 5234 
952 |a SNK  |b SNK  |y PREZ  |7 0  |p 17A0353892  |o snkČSB 5194/2000-2001  |i snkKSP 10147/2002  |0 0  |1 0  |4 0  |d 2002-08-20  |l 0  |r 2005-01-02 00:00:00  |w 2026-02-21 
952 |a SNK  |b SNK  |y PREZ  |7 0  |p 17A0353893  |o snkČSB 5194/2000-2001 D1  |i snkKSP 10148/2002  |8 3  |0 0  |1 0  |4 0  |d 2002-08-20  |l 0  |r 2005-01-02 00:00:00  |w 2026-02-21